000 00345 a2200133 4500
000 nam a22 7a 4500
100 _aचुडावत
110 _aचुडावत
245 _aभारतीय राजव्यवस्था
250 _alatest edition
260 _bParadise
_c2026
264 _bParadise
_c2026
942 _cBK
999 _c395294
_d395294